| 000 | 00364nam a2200145Ia 4500 | ||
|---|---|---|---|
| 005 | 20251222140038.0 | ||
| 008 | 251222s1900||||xx |||||||||||||| ||spa|| | ||
| 020 | _a9788499201016 | ||
| 082 | _a196/G24 | ||
| 100 | _aGarcía Nuño, Alfonso | ||
| 245 | 0 | _aEl Problema del Sobrenatural en Miguel de Unamuno | |
| 250 | _a1ra.ed. | ||
| 264 | _bEncuentro | ||
| 942 | _cLIB | ||
| 999 |
_c3181 _d3181 |
||